Κατάλογος Βιβλιοθηκών Mediterranean College

Νους στην Κοινωνία / Η Ανάπτυξη των Ανώτερων Ψυχολογικών Διαδικασιών (Record no. 311)

MARC details
000 -LEADER
fixed length control field 01440cam a22001934a 4500
005 - ΗΜΕΡΟΜΗΝΙΑ ΚΑΙ ΩΡΑ ΤΕΛΕΥΤΑΙΑΣ ΕΝΗΜΕΡΩΣΗΣ
Πεδίο ελέγχου 20250605163931.0
008 - FIXED-LENGTH DATA ELEMENTS--GENERAL INFORMATION
Πεδίο ελέγχου σταθερού μήκους 250528s ||||||||||||||||||||||||d
035 ## - SYSTEM CONTROL NUMBER
System control number 14690
020 ## - ISBN
ISBN 9600107009
040 ## - ΠΗΓΗ ΚΑΤΑΛΟΓΟΓΡΑΦΗΣΗΣ
Φορέας πρωτότυπης καταλογογράφησης MC Athens Campus Library
Γλώσσα καταλογογράφησης Ελληνικά, Μοντέρνα (1453-)
Modifying agency MC Athens Campus Library
Κανόνες περιγραφικής καταλογογράφησης AACR2
245 1# - ΤΙΤΛΟΣ ΚΑΙ ΔΗΛΩΣΗ ΥΠΕΥΘΥΝΟΤΗΤΑΣ
Τίτλος Νους στην Κοινωνία / Η Ανάπτυξη των Ανώτερων Ψυχολογικών Διαδικασιών
260 ## - PUBLICATION, DISTRIBUTION, ETC.
Name of publisher, distributor, etc. Gutenberg,
Date of publication, distribution, etc. 1997
300 ## - PHYSICAL DESCRIPTION
Extent 232
520 ## - SUMMARY, ETC.
Summary, etc. Πρόλογος, Εισαγωγή, Βασική Θεωρία και Δεδομένα, Εργαλείο και Σύμβολο στην Ανάπτυξη του Παιδιού, Η Ανάπτυξη της Αντίληψης και της Προσοχής, Η Κατάκτηση της Μνήμης και της Σκέψης, Εσωτερίκευση των Ανώτερων Ψυχολογικών Λειτουργιών, Προβλήματα Μεθοδολογίας, Εκπαιδευτικές Συνέπειες, Αλληλεπίδραση Ανάμεσα στη Μάθηση και την Ανάπτυξη, Ο Ρόλος του Παιχνιδιού στη Ανάπτυξη, Η Προϊστορία της Γραπτής Γλώσσας, Vera John-Steiner και Ellen Souberman, Βιογραφικές Πληροφορίες για τον L.S. Vygotsky, Αγγλοελληνικό Γλωσσάρι.
700 1# - ΠΡΟΣΘΕΤΗ ΑΝΑΓΡΑΦΗ--ΦΥΣΙΚΟ ΠΡΟΣΩΠΟ
Personal name Vygotsky L.S
9 (RLIN) 433
942 ## - ADDED ENTRY ELEMENTS (KOHA)
Koha item type Books
Holdings
Τύπος τεκμηρίου Βιβλιοθήκη Τρέχουσα τοποθεσία Barcode Αριθμός εισαγωγής Ημερομηνία απόκτησης Ταξιθετικό σύμβολο Αριθμός αντιτύπου Κατάσταση απόσυρσης Κατάσταση χαμένου Κατάσταση κατεστραμμένου Μη δανεισμός Σύνολο δανεισμών Ημερομηνία τελευταίας εμφάνισης Η τιμή ισχύει από
Books MC Athens Campus Library MC Athens Campus Library 9780000003102 3744 05/06/2025 155.413 VYG 1           05/06/2025 05/06/2025

MC Athens Campus Library
Πατησίων 94 & Κοδριγκτώνος 13, 104 34
Πελλήνης 8 & Πατησίων 107, 112 51
Τ: +30 210 8899600

MC Thessaloniki Campus Library
Ίωνος Δραγούμη 21, 54625 | Ίωνος Δραγούμη 15, 54625
Τ: +30 2310 287779 – Τ: +30 2314 440300